000 00290nam a22001337a 4500
008 230413b ||||| |||| 00| 0 eng d
041 _aeng
080 _a72
082 _a72ASC
100 _a20
101 _aNDERTIM
245 _aWATER TRETMENT PLANT DESIGN
_cASCE A C
942 _2udc
_cBK
999 _c59531
_d59531